000 00630nam a2200253Ia 4500
003 OSt
005 20221007104550.0
006 a|||||r|||| 00| 0
007 ta
008 221006b |||||||| |||| 00| 0 eng d
024 _a16,198
037 _cTextual
040 _aLCO
_cLCO
_beng
041 _2eng
_aeng
082 _aZ2,7,16, M2
100 _aBasu N.D
_9625774
245 0 _aArbitration Act
250 _a8th
260 _aCalcutta
_bEastern Law House India
_c1982
300 _aVarious
650 _aARBITRATION
_9681512
942 _hZ2,7,16, M2
_cTEXL
999 _c1185761
_d1185761